Raye Songs - Sudden Death - Statistics

General Stats
  • This quiz has been taken 96 times
  • The average score is 7 of 12
Answers on the Grid
Answers color-coded by a green-red scale on the quiz's grid according to % correct below.
Escapism.
BED
Decline
Goodbye Henry.
Black Mascara.
Florence Road.
The Thrill Is Here.
Worth It.
Joy.
Autumn sorrow.
Gucci
Prada
Armani
Natalie Don't
Shhh
Joanne
I Just Don't Know You Yet
Genesis.
Ice Cream Man.
New Rules
 
Answer Stats
Answer % Correct
Escapism.
81%
Worth It.
79%
Prada
75%
Joy.
73%
Ice Cream Man.
69%
Black Mascara.
67%
Genesis.
65%
Goodbye Henry.
65%
Natalie Don't
40%
BED
38%
Decline
31%
Shhh
17%
No matching quizzes found
Score Distribution
Percent of People with Each Score
Percentile by Number Answered
Your Score History
You have not taken this quiz